| 000 | 00618nam a2200241Ia 4500 | ||
|---|---|---|---|
| 003 | OSt | ||
| 005 | 20220927110345.0 | ||
| 006 | a|||||r|||| 00| 0 | ||
| 007 | ta | ||
| 008 | 220926b |||||||| |||| 00| 0 eng d | ||
| 024 | _a63753 | ||
| 037 | _cReports | ||
| 040 |
_aRTL _cRTL _beng |
||
| 041 |
_2eng _aeng |
||
| 082 | _a"X6h1, F8" | ||
| 110 |
_aLeague of Nations. Financial committee _9376571 |
||
| 245 | 0 | _aReports etc. 59 in 1 | |
| 260 | _c1928 | ||
| 650 |
_aCredit _9355682 |
||
| 700 |
_aLeague of Nations. Financial committee _9376572 |
||
| 942 |
_h"X6h1, F8" _cCC |
||
| 999 |
_c695764 _d695764 |
||